| Tag |
First Indicator |
Second Indicator |
Subfields |
| LEADER |
00000cam a2200000 4500 |
| 001 |
in00000040632 |
| 005 |
20230822112236.0 |
| 008 |
850822s1967 nyuac j 000 0 eng |
| 010 |
|
|
|a 67010288
|
| 019 |
|
|
|a 712266
|a 1112230
|a 3782888
|a 13371124
|a 21476767
|
| 029 |
1 |
|
|a AU@
|b 000000667959
|
| 029 |
1 |
|
|a NZ1
|b 3638599
|
| 035 |
|
|
|a (OCoLC)ocm00469665
|
| 035 |
|
|
|a (OCoLC)469665
|z (OCoLC)712266
|z (OCoLC)1112230
|z (OCoLC)3782888
|z (OCoLC)13371124
|z (OCoLC)21476767
|
| 035 |
|
|
|a (OCoLC)ocm00469665
|
| 040 |
|
|
|a DLC
|b eng
|c DLC
|d BTCTA
|d OCLCO
|d OCLCF
|d OCLCQ
|d OCLCO
|d OCLCQ
|
| 042 |
|
|
|a cyac
|
| 050 |
0 |
0 |
|a GC30.5
|b .G3
|
| 082 |
0 |
0 |
|a 551.4
|
| 100 |
1 |
|
|a Gaber, Norman H.
|
| 245 |
1 |
0 |
|a Your future in oceanography
|c [by] Norman H. Gaber.
|
| 250 |
|
|
|a [1st ed.].
|
| 260 |
|
|
|a New York,
|b R. Rosen Press
|c [1967]
|
| 300 |
|
|
|a 143 pages
|b illustrations, portraits
|c 22 cm.
|
| 336 |
|
|
|a text
|b txt
|2 rdacontent
|
| 337 |
|
|
|a unmediated
|b n
|2 rdamedia
|
| 338 |
|
|
|a volume
|b nc
|2 rdacarrier
|
| 490 |
1 |
|
|a Careers in depth
|
| 520 |
|
|
|a Discusses the science of oceanography in general, organizations active in it, the future for the field, industries related to it, specific careers, and academic preparation.
|
| 650 |
|
0 |
|a Oceanography
|x Vocational guidance.
|
| 650 |
|
1 |
|a Oceanography
|x Vocational guidance.
|
| 650 |
|
6 |
|a Océanographie
|x Orientation professionnelle.
|
| 650 |
|
7 |
|a Oceanography
|x Vocational guidance.
|2 fast
|0 (OCoLC)fst01043733
|
| 776 |
0 |
8 |
|i Online version:
|a Gaber, Norman H.
|t Your future in oceanography.
|b [1st ed.].
|d New York, R. Rosen Press [1967]
|w (OCoLC)578808280
|
| 830 |
|
0 |
|a Careers in depth.
|
| 938 |
|
|
|a Baker and Taylor
|b BTCP
|n 67010288
|
| 948 |
|
|
|h HELD BY TXA - 148 OTHER HOLDINGS
|
| 994 |
|
|
|a Z0
|b TXA
|
| 999 |
f |
f |
|s a0aa536a-a9d3-3c37-b69b-41b1614c6a06
|i 6595c25d-c669-33ec-87cb-5ccb5e435f6b
|t 0
|
| 952 |
f |
f |
|p ric
|a Texas A&M University
|b Rellis Campus
|c Joint Library Facility
|d Remote Storage
|t 0
|e GC30.5 .G3
|h Library of Congress classification
|i unmediated -- volume
|m A14800952678
|
| 998 |
f |
f |
|a GC30.5 .G3
|t 0
|l Remote Storage
|